[Event "San Francisco TNM Fall op"]
[Site "San Francisco"]
[Date "2016.11.15"]
[Round "5"]
[White "Thornally, Frank"]
[Black "Montoya, Daniel"]
[Result "1-0"]
[WhiteElo "2200"]
[BlackElo "1583"]
[PlyCount "113"]
[EventDate "2016.10.18"]
[EventType "swiss"]
[EventRounds "9"]
[EventCountry "USA"]
[SourceTitle "EXT 2018"]
[Source "ChessBase"]
[SourceDate "2017.10.13"]
[SourceVersion "1"]
[SourceVersionDate "2017.10.13"]
[SourceQuality "1"]

1. e4 e6 2. d4 d5 3. Nd2 c5 4. c3 Nf6 5. Bd3 Nc6 6. Ngf3 cxd4 7. cxd4 dxe4 8. Nxe4 Qd5 9. Nc3 Bb4 10. 0-0 Bxc3 11. bxc3 0-0 12. Re1 h6 13. c4 Qd6 14. Bb2 b6 15. Qe2 Bb7 16. Rad1 Rfe8 17. Bb1 Rac8 18. Qd3 Nb4 19. Qb3 Bxf3 20. gxf3 Nc6 21. Bc3 Red8 22. d5 exd5 23. cxd5 Na5 24. Bxa5 bxa5 25. Rd4 Qc5 26. Red1 Rd6 27. Be4 Rcd8 28. Qe3 Qb5 29. Qd2 Nd7 30. Qf4 Nf6 31. Qf5 Qb2 32. a4 Qb6 33. Kh1 Qc7 34. Qf4 Nh5 35. Qe5 Nf6 36. Rg1 Kh8 37. Qg3 Rg8 38. Qf4 Qd7 39. Qd2 Qd8 40. Rb1 Qc7 41. Rb5 Rb8 42. Rxa5 Rb3 43. Rb5 Rc3 44. Qb2 Rc1+ 45. Kg2 Nxe4 46. Rxe4 h5 47. Qe5 Rg6+ 48. Kh3 Qd7+ 49. Kh4 Rh1 50. Qe8+ Qxe8 51. Rxe8+ Kh7 52. h3 Rf1 53. Re5 Rxf2 54. Rxh5+ Rh6 55. Rxh6+ Kxh6 56. Kg3 Ra2 57. Ra5 1-0

[Event "San Francisco TNM Spring op"]
[Site "San Francisco"]
[Date "2016.04.26"]
[Round "7"]
[White "Montoya, Daniel"]
[Black "Capdeville, Barry E"]
[Result "1-0"]
[WhiteElo "1619"]
[BlackElo "1273"]
[PlyCount "57"]
[EventDate "2016.03.15"]
[EventType "swiss"]
[EventRounds "8"]
[EventCountry "USA"]
[SourceTitle "EXT 2018"]
[Source "ChessBase"]
[SourceDate "2017.10.13"]
[SourceVersion "1"]
[SourceVersionDate "2017.10.13"]
[SourceQuality "1"]

1. d4 d5 2. Bg5 Nd7 3. c4 Ndf6 4. Nc3 e6 5. e3 Be7 6. Nf3 Ne4 7. Bxe7 Nxe7 8. Nxe4 dxe4 9. Nd2 f5 10. Qh5+ Ng6 11. Be2 0-0 12. g4 Qh4 13. Rg1 Qxh5 14. gxh5 Ne7 15. 0-0-0 Bd7 16. Rg2 Rf7 17. Rdg1 Kf8 18. h4 h6 19. c5 Nc6 20. Bb5 Nb4 21. Bc4 Nd3+ 22. Bxd3 exd3 23. Rg6 Bc6 24. Rxe6 Re8 25. Rxe8+ Bxe8 26. Nf3 Re7 27. Ne5 Bxh5 28. Kd2 Be2 29. Ng6+ 1-0

[Event "San Francisco TNM Summer op"]
[Site "San Francisco"]
[Date "2015.07.07"]
[Round "7"]
[White "Agdamag, Samuel"]
[Black "Montoya, Daniel"]
[Result "0-1"]
[WhiteElo "1459"]
[BlackElo "1601"]
[PlyCount "96"]
[EventDate "2015.05.26"]
[EventType "swiss"]
[EventRounds "8"]
[EventCountry "USA"]
[SourceTitle "EXT 2016"]
[Source "ChessBase"]
[SourceDate "2015.10.08"]
[SourceVersion "1"]
[SourceVersionDate "2015.10.08"]
[SourceQuality "1"]

1. e4 e6 2. d4 d5 3. exd5 exd5 4. Nc3 Bd6 5. h3 Ne7 6. Bg5 f6 7. Bh4 Bf5 8. Bd3 Qd7 9. Nf3 Nbc6 10. Qe2 0-0-0 11. 0-0-0 g5 12. Bg3 Bxg3 13. fxg3 Bxd3 14. cxd3 Nf5 15. Qf2 Qd6 16. g4 Qg3 17. Qxg3 Nxg3 18. Rhe1 Rhe8 19. Rxe8 Rxe8 20. Nxd5 Ne2+ 21. Kd2 Nexd4 22. Nxd4 Nxd4 23. Nxf6 Re2+ 24. Kc3 Nb5+ 25. Kc4 Rxb2 26. Re1 Nd6+ 27. Kc3 Rxa2 28. Nxh7 Rxg2 29. Nxg5 a5 30. Re3 b5 31. Ne4 Nf7 32. Kb3 Kb7 33. Nc3 Kb6 34. Nd5+ Kc6 35. Nxc7 a4+ 36. Ka3 Rc2 37. Ne6 Rc3+ 38. Kb2 b4 39. g5 a3+ 40. Ka2 Rc2+ 41. Ka1 Rg2 42. Nd4+ Kd5 43. Nb3 Rxg5 44. Kb1 Rg1+ 45. Kc2 Rg2+ 46. Kb1 Rb2+ 47. Ka1 Rxb3 48. Rf3 Ne5 0-1

[Event "San Francisco TNM Summer op"]
[Site "San Francisco"]
[Date "2015.06.23"]
[Round "5"]
[White "Montoya, Daniel"]
[Black "Porlares, Teodoro"]
[Result "0-1"]
[WhiteElo "1601"]
[BlackElo "1878"]
[PlyCount "90"]
[EventDate "2015.05.26"]
[EventType "swiss"]
[EventRounds "8"]
[EventCountry "USA"]
[SourceTitle "EXT 2016"]
[Source "ChessBase"]
[SourceDate "2015.10.08"]
[SourceVersion "1"]
[SourceVersionDate "2015.10.08"]
[SourceQuality "1"]

1. d4 Nf6 2. Bg5 e6 3. Nf3 b6 4. e3 Bb7 5. Bd3 Be7 6. c3 d6 7. 0-0 Nbd7 8. Qe2 c5 9. Rd1 Qc7 10. e4 c4 11. Bc2 0-0 12. Nbd2 b5 13. e5 Nd5 14. Bxe7 Nxe7 15. Bxh7+ Kxh7 16. Ng5+ Kg6 17. Qg4 f5 18. Qg3 Qc6 19. Nxe6+ Kf7 20. Nxf8 Rxf8 21. exd6 Ng6 22. Nf3 f4 23. Qg4 Qxd6 24. Qf5+ Kg8 25. Qxb5 Bd5 26. Ne5 Nb6 27. Re1 f3 28. Re3 Nxe5 29. Rxe5 Qg6 30. g3 Qh6 31. h4 Bc6 32. Qb4 Qg6 33. Kh2 Bd7 34. Rg5 Qe6 35. g4 Rf4 36. Rg1 Qe2 37. Kg3 Rf7 38. Qc5 Rf6 39. Re5 Qd2 40. Re3 Bc6 41. Rge1 Nd5 42. Re4 Nf4 43. R4e3 Ne2+ 44. R1xe2 fxe2 45. Qxc4+ Kh7 0-1

[Event "San Francisco TNM Summer op"]
[Site "San Francisco"]
[Date "2015.06.02"]
[Round "2"]
[White "Montoya, Daniel"]
[Black "Delaney, Will Fred"]
[Result "1-0"]
[WhiteElo "1601"]
[BlackElo "1800"]
[PlyCount "53"]
[EventDate "2015.05.26"]
[EventType "swiss"]
[EventRounds "8"]
[EventCountry "USA"]
[SourceTitle "EXT 2016"]
[Source "ChessBase"]
[SourceDate "2015.10.08"]
[SourceVersion "1"]
[SourceVersionDate "2015.10.08"]
[SourceQuality "1"]

1. d4 Nf6 2. Bg5 Ne4 3. Bf4 c5 4. f3 Nf6 5. d5 d6 6. e4 g6 7. c4 Bg7 8. Nc3 a6 9. a4 b6 10. Bd3 Nh5 11. Be3 Nd7 12. f4 e6 13. Qd2 Ndf6 14. Nf3 exd5 15. exd5 0-0 16. 0-0 Ng4 17. f5 Nxe3 18. Qxe3 Nf6 19. Qg5 h6 20. Qd2 g5 21. Qc2 Ng4 22. Rae1 Ne5 23. Nxe5 Bxe5 24. Rxe5 dxe5 25. f6 Bg4 26. h3 Bd7 27. Qe2 1-0

[Event "San Francisco TNM Winter op"]
[Site "San Francisco"]
[Date "2015.02.24"]
[Round "8"]
[White "Montoya, Daniel"]
[Black "Stuetzel, Ezra G"]
[Result "0-1"]
[WhiteElo "1615"]
[BlackElo "1300"]
[PlyCount "40"]
[EventDate "2015.01.06"]
[EventType "swiss"]
[EventRounds "8"]
[EventCountry "USA"]
[SourceTitle "EXT 2016"]
[Source "ChessBase"]
[SourceDate "2015.10.08"]
[SourceVersion "1"]
[SourceVersionDate "2015.10.08"]
[SourceQuality "1"]

1. e4 d5 2. exd5 Nf6 3. c4 e6 4. dxe6 Bxe6 5. Nf3 Nc6 6. d4 Bb4+ 7. Nc3 Ne4 8. Qb3 Nxd4 9. Nxd4 Qxd4 10. Be3 Bxc3+ 11. bxc3 Qxc3+ 12. Qxc3 Nxc3 13. Bd4 Ne4 14. Bxg7 Rg8 15. Be5 0-0-0 16. f3 Nd2 17. Bf6 Rd7 18. Rc1 Nxf1 19. Kxf1 Rd2 20. a3 Rgxg2 0-1

[Event "San Francisco TNM Winter op"]
[Site "San Francisco"]
[Date "2015.01.13"]
[Round "2"]
[White "Frank, Robert"]
[Black "Montoya, Daniel"]
[Result "0-1"]
[WhiteElo "1296"]
[BlackElo "1615"]
[PlyCount "46"]
[EventDate "2015.01.06"]
[EventType "swiss"]
[EventRounds "8"]
[EventCountry "USA"]
[SourceTitle "EXT 2016"]
[Source "ChessBase"]
[SourceDate "2015.10.08"]
[SourceVersion "1"]
[SourceVersionDate "2015.10.08"]
[SourceQuality "1"]

1. d4 f5 2. Nf3 Nf6 3. c4 e6 4. Nc3 c6 5. e3 d5 6. cxd5 exd5 7. Bd3 Bd6 8. 0-0 0-0 9. Qc2 Ne4 10. Ne5 Nd7 11. f4 Rf6 12. Ne2 Rh6 13. Ng3 Bxe5 14. fxe5 Qh4 15. Bxe4 Qxh2+ 16. Kf2 Rg6 17. Nxf5 Rg5 18. Bf3 Nxe5 19. Ne7+ Kf7 20. Nxc8 Nxf3 21. Nd6+ Ke6 22. Kxf3 Rf8+ 23. Ke2 Rxg2+ 0-1

[Event "San Francisco TNM Summer op"]
[Site "San Francisco"]
[Date "2013.06.18"]
[Round "4"]
[White "Montoya, Daniel"]
[Black "Standen, Julian"]
[Result "1-0"]
[WhiteElo "1570"]
[BlackElo "1657"]
[PlyCount "67"]
[EventDate "2013.05.28"]
[EventType "swiss"]
[EventRounds "8"]
[EventCountry "USA"]
[SourceTitle "EXT 2016"]
[Source "ChessBase"]
[SourceDate "2015.10.08"]
[SourceVersion "1"]
[SourceVersionDate "2015.10.08"]
[SourceQuality "1"]

1. e4 d5 2. exd5 Qxd5 3. Nc3 Qa5 4. d4 c6 5. Bc4 Nf6 6. Bd2 Bf5 7. Qe2 e6 8. d5 cxd5 9. Nxd5 Qd8 10. Nxf6+ gxf6 11. 0-0-0 Nc6 12. Bc3 Bh6+ 13. Kb1 Qe7 14. g4 Bg6 15. h4 Rd8 16. Rxd8+ Qxd8 17. h5 Be4 18. f3 Bd5 19. Bxf6 Qxf6 20. Bxd5 0-0 21. Be4 Rd8 22. Bd3 Nb4 23. Nh3 Bg7 24. Bxh7+ Kxh7 25. Qe4+ Kg8 26. Qxb4 Qxf3 27. Qe1 Rd4 28. Nf2 Rf4 29. Nd3 Rxg4 30. h6 Bd4 31. h7+ Kh8 32. Ne5 Bxe5 33. Qxe5+ f6 34. Qb8+ 1-0

[Event "San Francisco TNM Spring op"]
[Site "San Francisco"]
[Date "2011.05.03"]
[Round "8"]
[White "Montoya, Daniel"]
[Black "Ramachandran, Jayakrishnan"]
[Result "0-1"]
[WhiteElo "1613"]
[BlackElo "1852"]
[PlyCount "56"]
[EventDate "2011.03.15"]
[EventType "swiss"]
[EventRounds "8"]
[EventCountry "USA"]
[SourceTitle "EXT 2012"]
[Source "ChessBase"]
[SourceDate "2011.11.24"]
[SourceVersion "1"]
[SourceVersionDate "2011.11.24"]
[SourceQuality "1"]

1. e4 e5 2. Nf3 Nc6 3. d4 exd4 4. Nxd4 Bc5 5. Nxc6 Qf6 6. Qd2 dxc6 7. Nc3 Ne7 8. Bd3 Be6 9. Na4 Bd6 10. Qe3 Ng6 11. 0-0 b6 12. c4 Bf4 13. Qe2 Rd8 14. g3 Bxc1 15. Raxc1 Ne5 16. Bb1 Bg4 17. Qe3 Bf3 18. Rfe1 g5 19. Qc3 h5 20. Bc2 h4 21. Re3 g4 22. Bd3 hxg3 23. fxg3 Qg5 24. Bf1 f6 25. Qe1 Rxh2 26. Kxh2 Qh5+ 27. Kg1 Qh1+ 28. Kf2 Qh2+ 0-1

[Event "San Francisco TNM Spring op"]
[Site "San Francisco"]
[Date "2011.03.29"]
[Round "3"]
[White "Montoya, Daniel"]
[Black "Eytan, David"]
[Result "0-1"]
[WhiteElo "1613"]
[BlackElo "1900"]
[PlyCount "70"]
[EventDate "2011.03.15"]
[EventType "swiss"]
[EventRounds "8"]
[EventCountry "USA"]
[SourceTitle "EXT 2012"]
[Source "ChessBase"]
[SourceDate "2011.11.24"]
[SourceVersion "1"]
[SourceVersionDate "2011.11.24"]
[SourceQuality "1"]

1. e4 c5 2. d4 cxd4 3. c3 dxc3 4. Nxc3 Nc6 5. Nf3 d6 6. Bc4 Nf6 7. e5 Ng4 8. exd6 Qxd6 9. Qxd6 exd6 10. Nb5 Nb4 11. Bb3 Kd8 12. 0-0 Bd7 13. Nfd4 a6 14. Nc3 Be7 15. h3 Ne5 16. Be3 g5 17. Nde2 Rg8 18. Bb6+ Ke8 19. a3 Nbd3 20. Nd5 Bd8 21. Nc7+ Bxc7 22. Bxc7 g4 23. hxg4 Bxg4 24. Ng3 Kd7 25. Bb6 Rg6 26. f4 Nf3+ 27. gxf3 Bh3 28. Bxf7 Rxg3+ 29. Kh2 Rg2+ 30. Kxh3 Nxf4+ 31. Kh4 Rf8 32. Bb3 Rf6 33. Ba4+ Ke7 34. Rae1+ Kf8 35. Re8+ Kf7 0-1

[Event "San Francisco TNM Spring op"]
[Site "San Francisco"]
[Date "2011.03.23"]
[Round "2"]
[White "Clark, Thomas"]
[Black "Montoya, Daniel"]
[Result "0-1"]
[WhiteElo "1101"]
[BlackElo "1613"]
[PlyCount "69"]
[EventDate "2011.03.15"]
[EventType "swiss"]
[EventRounds "8"]
[EventCountry "USA"]
[SourceTitle "EXT 2012"]
[Source "ChessBase"]
[SourceDate "2011.11.24"]
[SourceVersion "1"]
[SourceVersionDate "2011.11.24"]
[SourceQuality "1"]

1. d4 d5 2. c4 dxc4 3. Nc3 a6 4. Bf4 Nf6 5. e4 b5 6. h3 e6 7. a3 Bb7 8. e5 Nd5 9. Bd2 Be7 10. Nf3 0-0 11. Be2 Nd7 12. 0-0 c5 13. Be3 Nxc3 14. bxc3 cxd4 15. Bxd4 Qc7 16. Re1 Rfd8 17. Qc2 Nc5 18. Bxc5 Bxc5 19. Bd1 Rd7 20. Ng5 g6 21. Bf3 Rad8 22. Bxb7 Rd2 23. Qe4 Bxf2+ 24. Kf1 Bxe1 25. Rxe1 Qb6 26. Qf3 R8d7 27. Bc6 R2d3 28. Qe4 Rc7 29. Be8 Rxc3 30. Nxh7 Kxh7 31. Qh4+ Kg7 32. Rd1 Rd3 33. Rxd3 cxd3 34. Qf6+ Kg8 35. Qd8 0-1

[Event "San Francisco TNM Winter op"]
[Site "San Francisco"]
[Date "2011.02.01"]
[Round "5"]
[White "Montoya, Daniel"]
[Black "Nelson, Christopher"]
[Result "0-1"]
[WhiteElo "1496"]
[BlackElo "1544"]
[PlyCount "52"]
[EventDate "2011.01.04"]
[EventType "swiss"]
[EventRounds "8"]
[EventCountry "USA"]
[SourceTitle "EXT 2012"]
[Source "ChessBase"]
[SourceDate "2011.11.24"]
[SourceVersion "1"]
[SourceVersionDate "2011.11.24"]
[SourceQuality "1"]

1. e4 e5 2. Nf3 Nc6 3. d4 exd4 4. Nxd4 Bc5 5. Nxc6 Qf6 6. Qf3 Qxc6 7. Nc3 Nf6 8. Bb5 Qe6 9. 0-0 0-0 10. Bf4 d6 11. Rad1 a6 12. Bd3 c6 13. Rfe1 Bd4 14. Qe2 Bxc3 15. bxc3 Qxa2 16. Bc4 Qa5 17. Bxd6 Re8 18. Qe3 Rxe4 19. Qd3 Bf5 20. Rxe4 Nxe4 21. Bb4 Qb6 22. Qf3 Bg6 23. Bxf7+ Bxf7 24. Qxe4 c5 25. Qe3 Rd8 26. Re1 Re8 0-1

[Event "San Francisco TNM Fall op"]
[Site "San Francisco"]
[Date "2010.12.07"]
[Round "8"]
[White "Montoya, Daniel"]
[Black "Sommerville, Kenneth"]
[Result "0-1"]
[WhiteElo "1483"]
[BlackElo "1698"]
[PlyCount "48"]
[EventDate "2010.10.20"]
[EventType "swiss"]
[EventRounds "9"]
[EventCountry "USA"]
[SourceTitle "EXT 2012"]
[Source "ChessBase"]
[SourceDate "2011.11.24"]
[SourceVersion "1"]
[SourceVersionDate "2011.11.24"]
[SourceQuality "1"]

1. e4 e6 2. Nf3 d5 3. e5 c5 4. b4 cxb4 5. d4 Nc6 6. a3 Nge7 7. axb4 Nxb4 8. c3 Nbc6 9. Bd3 Ng6 10. Ng5 Be7 11. Qh5 Bxg5 12. Bxg5 Qc7 13. 0-0 a6 14. Na3 0-0 15. Nb5 axb5 16. Rxa8 Na5 17. Ra1 b6 18. Bxb5 Qb7 19. Rxc8 Rxc8 20. Qf3 Nc4 21. Ba6 Ra8 22. Bxc4 Rxa1+ 23. Bf1 Qa6 24. g3 Qxf1# 0-1

[Event "San Francisco TNM Fall op"]
[Site "San Francisco"]
[Date "2010.10.20"]
[Round "1"]
[White "Montoya, Daniel"]
[Black "Shnaiderman, Lazar"]
[Result "0-1"]
[WhiteElo "1483"]
[BlackElo "1862"]
[PlyCount "54"]
[EventDate "2010.10.20"]
[EventType "swiss"]
[EventRounds "9"]
[EventCountry "USA"]
[SourceTitle "EXT 2012"]
[Source "ChessBase"]
[SourceDate "2011.11.24"]
[SourceVersion "1"]
[SourceVersionDate "2011.11.24"]
[SourceQuality "1"]

1. e4 c5 2. d4 cxd4 3. c3 g6 4. Nf3 Bg7 5. cxd4 d5 6. e5 Bg4 7. Nc3 Nc6 8. Be2 Bxf3 9. Bxf3 e6 10. Be3 f6 11. exf6 Nxf6 12. 0-0 0-0 13. Qd2 Qb6 14. Na4 Qa5 15. Nc3 Rac8 16. Rad1 Qb4 17. h4 Na5 18. Bh6 Nc4 19. Qg5 Nxb2 20. Bxg7 Kxg7 21. Rde1 Qxc3 22. Rxe6 Qxd4 23. Re7+ Rf7 24. Rfe1 Rcf8 25. h5 Nd3 26. hxg6 hxg6 27. R1e6 Qxf2+ 0-1

[Event "San Francisco TNM Peter Grey op"]
[Site "San Francisco"]
[Date "2010.08.17"]
[Round "3"]
[White "Montoya, Daniel"]
[Black "Frank, Robert"]
[Result "1-0"]
[WhiteElo "1483"]
[BlackElo "1353"]
[PlyCount "35"]
[EventDate "2010.08.03"]
[EventType "swiss"]
[EventRounds "9"]
[EventCountry "USA"]
[SourceTitle "EXT 2012"]
[Source "ChessBase"]
[SourceDate "2011.11.24"]
[SourceVersion "1"]
[SourceVersionDate "2011.11.24"]
[SourceQuality "1"]

1. e4 e5 2. Nf3 Nf6 3. Nxe5 d6 4. Nxf7 Kxf7 5. d4 Nbd7 6. Nc3 c6 7. Bc4+ d5 8. exd5 cxd5 9. Nxd5 Ke8 10. 0-0 Nxd5 11. Bxd5 Nf6 12. Re1+ Be7 13. Bb3 b5 14. Qd3 a6 15. Bd2 Bb7 16. Rxe7+ Qxe7 17. Re1 Qxe1+ 18. Bxe1 1-0

[Event "San Francisco TNM Peter Grey op"]
[Site "San Francisco"]
[Date "2010.08.10"]
[Round "2"]
[White "Wang, Yuan1111"]
[Black "Montoya, Daniel"]
[Result "1-0"]
[WhiteElo "1909"]
[BlackElo "1483"]
[PlyCount "55"]
[EventDate "2010.08.03"]
[EventType "swiss"]
[EventRounds "9"]
[EventCountry "USA"]
[SourceTitle "EXT 2012"]
[Source "ChessBase"]
[SourceDate "2011.11.24"]
[SourceVersion "1"]
[SourceVersionDate "2011.11.24"]
[SourceQuality "1"]

1. e4 e5 2. Nf3 Nc6 3. Bb5 f5 4. d3 fxe4 5. dxe4 Nf6 6. 0-0 Bc5 7. Nc3 0-0 8. Bg5 d6 9. Nd5 Bg4 10. c3 Rc8 11. b4 Bb6 12. a4 a6 13. Bxc6 bxc6 14. Nxf6+ gxf6 15. Bh6 Rf7 16. Qd3 Kh8 17. a5 Ba7 18. Qxa6 Ra8 19. Qxc6 Bxf3 20. gxf3 Qg8+ 21. Kh1 Qd8 22. f4 exf4 23. Rad1 f3 24. Rd3 Re7 25. Rxf3 Re8 26. Qd5 Re5 27. Qf7 Rxe4 28. Qg7# 1-0

[Event "San Francisco TNM Summer op"]
[Site "San Francisco"]
[Date "2010.07.13"]
[Round "8"]
[White "Montoya, Daniel"]
[Black "Newey, Richard H"]
[Result "0-1"]
[WhiteElo "1374"]
[BlackElo "1752"]
[PlyCount "72"]
[EventDate "2010.05.25"]
[EventType "swiss"]
[EventRounds "8"]
[EventCountry "USA"]
[SourceTitle "EXT 2012"]
[Source "ChessBase"]
[SourceDate "2011.11.24"]
[SourceVersion "1"]
[SourceVersionDate "2011.11.24"]
[SourceQuality "1"]

1. e4 c6 2. d4 d5 3. f3 e6 4. Nc3 c5 5. Be3 Nc6 6. Bb5 dxe4 7. fxe4 cxd4 8. Bxd4 Bd7 9. Be3 Bb4 10. Nf3 Nf6 11. 0-0 Bxc3 12. bxc3 Nxe4 13. Qd3 Qa5 14. Qxe4 Qxb5 15. Ng5 Qe5 16. Qf3 f6 17. Bf4 Qf5 18. Ne4 0-0 19. Nd6 Qc5+ 20. Kh1 Na5 21. Qg3 Kh8 22. Rab1 b6 23. Ne4 Qc6 24. Rbe1 e5 25. Bc1 Nc4 26. Qf2 Rad8 27. Ng3 Be6 28. Nf5 Rd7 29. Qh4 Bxf5 30. Rxf5 Rfd8 31. Rff1 Rd5 32. Qg4 b5 33. h3 Qd6 34. Kh2 Nd2 35. Bxd2 Rxd2 36. Qe4 Qc5 0-1

[Event "San Francisco TNM Spring op"]
[Site "San Francisco"]
[Date "2010.04.06"]
[Round "4"]
[White "MacIntyre, Brendan"]
[Black "Montoya, Daniel"]
[Result "1/2-1/2"]
[WhiteElo "1670"]
[BlackElo "1409"]
[PlyCount "67"]
[EventDate "2010.03.16"]
[EventType "swiss"]
[EventRounds "8"]
[EventCountry "USA"]
[SourceTitle "EXT 2012"]
[Source "ChessBase"]
[SourceDate "2011.11.24"]
[SourceVersion "1"]
[SourceVersionDate "2011.11.24"]
[SourceQuality "1"]

1. d4 d5 2. c4 dxc4 3. Nc3 a6 4. g3 Nc6 5. Bg2 Qxd4 6. Be3 Qxd1+ 7. Rxd1 Bd7 8. Nf3 e6 9. 0-0 Bd6 10. Ne4 Ke7 11. a3 Nf6 12. Nc5 Rab8 13. Nxd7 Nxd7 14. Nd2 Na5 15. Ne4 b5 16. Bd4 Be5 17. Bxe5 Nxe5 18. Nc5 Rbd8 19. Nxa6 Rxd1 20. Rxd1 Rd8 21. Rxd8 Kxd8 22. Nc5 Nd7 23. Ne4 c5 24. Kf1 h6 25. Ke1 Kc7 26. Kd2 f5 27. Nc3 b4 28. axb4 cxb4 29. Nb5+ Kb6 30. Nd4 Nc5 31. g4 g6 32. gxf5 exf5 33. Bd5 f4 34. Kc1 1/2-1/2

[Event "San Francisco TNM Spring op"]
[Site "San Francisco"]
[Date "2010.03.30"]
[Round "3"]
[White "Montoya, Daniel"]
[Black "Litowsky, Daniel"]
[Result "1/2-1/2"]
[WhiteElo "1409"]
[BlackElo "1700"]
[PlyCount "94"]
[EventDate "2010.03.16"]
[EventType "swiss"]
[EventRounds "8"]
[EventCountry "USA"]
[SourceTitle "EXT 2012"]
[Source "ChessBase"]
[SourceDate "2011.11.24"]
[SourceVersion "1"]
[SourceVersionDate "2011.11.24"]
[SourceQuality "1"]

1. e4 e5 2. Nf3 Nc6 3. d4 exd4 4. Nxd4 Bc5 5. Nxc6 bxc6 6. Nc3 Qf6 7. Qd2 a5 8. Bd3 Ne7 9. 0-0 d6 10. Na4 Ba7 11. c4 Ng6 12. Rb1 0-0 13. b3 Ne5 14. Bb2 Re8 15. Kh1 Qh4 16. f3 Re6 17. Bc2 Rh6 18. g3 Qxg3 19. Qg2 Qxg2+ 20. Kxg2 Bh3+ 21. Kg3 Bxf1 22. Rxf1 Re8 23. f4 Ng6 24. Bc1 Nf8 25. f5 Rh5 26. Bd1 g6 27. Bxh5 gxh5 28. Rf4 Bd4 29. Rh4 Nd7 30. Rxh5 Rxe4 31. Rg5+ Kf8 32. Rh5 Nf6 33. Rh4 Be5+ 34. Kh3 Rxh4+ 35. Kxh4 Bxh2 36. Bd2 Ke7 37. Bxa5 Kd7 38. Bc3 Ne4 39. Bd4 c5 40. Be3 Be5 41. Bc1 Bf6+ 42. Kh5 Bg7 43. Bb2 f6 44. Nc3 Nxc3 45. Bxc3 Kc6 46. Bd2 d5 47. cxd5+ Kxd5 1/2-1/2

[Event "San Francisco TNM Winter op"]
[Site "San Francisco"]
[Date "2010.01.26"]
[Round "4"]
[White "Montoya, Daniel"]
[Black "Yamamoto, Craig"]
[Result "0-1"]
[WhiteElo "1398"]
[BlackElo "1651"]
[PlyCount "122"]
[EventDate "2010.01.05"]
[EventType "swiss"]
[EventRounds "8"]
[EventCountry "USA"]
[SourceTitle "EXT 2012"]
[Source "ChessBase"]
[SourceDate "2011.11.24"]
[SourceVersion "1"]
[SourceVersionDate "2011.11.24"]
[SourceQuality "1"]

1. e4 c5 2. d4 cxd4 3. c3 d3 4. Bxd3 d6 5. Nf3 g6 6. 0-0 Bg7 7. c4 Nc6 8. Nc3 Nf6 9. Be3 0-0 10. Rc1 Bg4 11. h3 Bxf3 12. Qxf3 Ne5 13. Qd1 Nxd3 14. Qxd3 Nd7 15. Rfd1 Nc5 16. Qd5 Rc8 17. b3 Qa5 18. Bd4 Bxd4 19. Qxd4 a6 20. Rb1 Ne6 21. Qd2 Qc5 22. Nd5 Rfe8 23. Kh1 Nc7 24. f3 Nxd5 25. Qxd5 b6 26. Ra1 Qxd5 27. exd5 b5 28. Rac1 bxc4 29. Rxc4 Rxc4 30. bxc4 Rb8 31. Re1 Kf8 32. Re3 Rb4 33. Rc3 Ra4 34. a3 e6 35. f4 exd5 36. cxd5 Rxf4 37. Rc6 Ra4 38. Rxd6 Ke7 39. Rb6 Rxa3 40. d6+ Kd7 41. Rb7+ Kxd6 42. Rxf7 a5 43. Rxh7 Ke6 44. Ra7 a4 45. Kg1 Ra2 46. Kf1 a3 47. Ke1 Ra1+ 48. Kd2 a2 49. Kc2 Rg1 50. Rxa2 Rxg2+ 51. Kb1 Rxa2 52. Kxa2 g5 53. Kb2 Kf5 54. Kc2 Kf4 55. Kd2 Kg3 56. Ke2 Kg2 57. Ke1 Kxh3 58. Kf1 Kh2 59. Kf2 g4 60. Kf1 g3 61. Ke2 g2 0-1

[Event "San Francisco TNM Fall op"]
[Site "San Francisco"]
[Date "2009.12.08"]
[Round "8"]
[White "Montoya, Daniel"]
[Black "Capdeville, Barry E"]
[Result "1/2-1/2"]
[WhiteElo "1228"]
[BlackElo "1131"]
[PlyCount "61"]
[EventDate "2009.10.20"]
[EventType "swiss"]
[EventRounds "9"]
[EventCountry "USA"]
[SourceTitle "EXT 2012"]
[Source "ChessBase"]
[SourceDate "2011.11.24"]
[SourceVersion "1"]
[SourceVersionDate "2011.11.24"]
[SourceQuality "1"]

1. e4 e5 2. Nf3 Nf6 3. Nxe5 d6 4. Nxf7 Kxf7 5. d4 c5 6. dxc5 Qa5+ 7. Nc3 Qxc5 8. Be3 Qc7 9. Nb5 Qc6 10. Nxa7 Qe8 11. Nb5 Qd7 12. Bc4+ d5 13. exd5 Bd6 14. 0-0 Re8 15. Qf3 Kg8 16. Nxd6 Qxd6 17. Bf4 Qc5 18. Bb3 Bg4 19. Qg3 Qc8 20. h3 Nh5 21. Qxg4 Qxg4 22. hxg4 Nxf4 23. c4 Nd7 24. Bc2 Ne5 25. b3 Nxg4 26. Bf5 Ne5 27. g3 Ne2+ 28. Kg2 Nd4 29. Be4 Nxc4 30. Bxh7+ Kxh7 31. bxc4 1/2-1/2

[Event "San Francisco TNM Fall op"]
[Site "San Francisco"]
[Date "2009.11.17"]
[Round "5"]
[White "Montoya, Daniel"]
[Black "Standen, Julian"]
[Result "0-1"]
[WhiteElo "1228"]
[BlackElo "1716"]
[PlyCount "90"]
[EventDate "2009.10.20"]
[EventType "swiss"]
[EventRounds "9"]
[EventCountry "USA"]
[SourceTitle "EXT 2012"]
[Source "ChessBase"]
[SourceDate "2011.11.24"]
[SourceVersion "1"]
[SourceVersionDate "2011.11.24"]
[SourceQuality "1"]

1. e4 c6 2. d4 d5 3. f3 e6 4. Nc3 Bb4 5. a3 Ba5 6. Bd3 Ne7 7. Nge2 Nd7 8. Be3 0-0 9. 0-0 a6 10. e5 Bb6 11. Na4 Bc7 12. c3 b5 13. Nc5 Nxc5 14. dxc5 Bxe5 15. Qc2 g6 16. Bh6 Bg7 17. Bf4 e5 18. Bg5 Qc7 19. Qd2 Be6 20. b4 f6 21. Bh6 Bf5 22. Be3 Bxd3 23. Qxd3 a5 24. Bf2 axb4 25. cxb4 f5 26. Ra2 e4 27. fxe4 fxe4 28. Qh3 Qc8 29. Qb3 Qb7 30. Ng3 Kh8 31. Ne2 Nf5 32. g4 Nh6 33. h3 Nf7 34. Nd4 Ng5 35. Kg2 Nf3 36. Nxf3 Rxf3 37. Qc2 Qf7 38. Re1 Raxa3 39. Rxa3 Rxa3 40. Qc1 Rf3 41. Re2 h5 42. Qg5 hxg4 43. hxg4 Qf6 44. Qc1 Qf4 45. Qh1+ Qh6 0-1